[Event "Remote S7E Adv-136 email"]
[Site "Remote email"]
[Date "2013.10.31"]
[Round "?"]
[White "Biskopp, Wolfgang"]
[Black "Eckhardt, Andreas"]
[Result "1-0"]
[WhiteElo "2302"]
[BlackElo "2012"]
[PlyCount "65"]
[EventDate "2013.??.??"]
[EventType "tourn (corr)"]
[EventRounds "6"]
[EventCountry "GER"]
[SourceTitle "Corr 2015"]
[Source "ChessBase"]
[SourceDate "2015.07.17"]
[SourceVersion "1"]
[SourceVersionDate "2015.07.17"]
[SourceQuality "1"]

1. d4 d5 2. c4 dxc4 3. Nf3 Nf6 4. e3 e6 5. Bxc4 c5 6. 0-0 a6 7. dxc5 Bxc5 8. Qxd8+ Kxd8 9. Nbd2 Ke7 10. b3 Nbd7 11. Be2 b6 12. Ne1 Ne5 13. Bb2 Rd8 14. Rd1 Nc6 15. Nc4 Rxd1 16. Bxd1 Nd7 17. Bf3 Bb7 18. Nd3 f6 19. Rc1 Rc8 20. h4 Ba8 21. a4 e5 22. Kh2 g6 23. Kg3 f5 24. Ndxe5 Ndxe5 25. Nxe5 Nxe5 26. Bxe5 Ke6 27. Bxa8 Rxa8 28. Bf4 a5 29. Kf3 Rd8 30. Ke2 Rc8 31. Rc4 Kd5 32. Rc3 Ke6 33. Rc2 1-0

[Event "Remote S7E Adv-136 email"]
[Site "Remote email"]
[Date "2013.10.31"]
[Round "?"]
[White "Strahlberger, Michael"]
[Black "Biskopp, Wolfgang"]
[Result "1/2-1/2"]
[WhiteElo "2241"]
[BlackElo "2302"]
[PlyCount "50"]
[EventDate "2013.??.??"]
[EventType "tourn (corr)"]
[EventRounds "6"]
[EventCountry "GER"]
[SourceTitle "Corr 2015"]
[Source "ChessBase"]
[SourceDate "2015.07.17"]
[SourceVersion "1"]
[SourceVersionDate "2015.07.17"]
[SourceQuality "1"]

1. c4 Nf6 2. g3 e5 3. Bg2 h6 4. Nc3 Bb4 5. Nd5 Nxd5 6. cxd5 0-0 7. e3 d6 8. Ne2 Ba5 9. 0-0 Bg4 10. h3 Bh5 11. f4 exf4 12. g4 f3 13. Rxf3 Bg6 14. Nd4 c5 15. Nf5 Nd7 16. Nxd6 Bc7 17. Nxb7 Qc8 18. d6 Be4 19. dxc7 Qxb7 20. Qf1 Qxc7 21. Rf2 Bxg2 22. Rxg2 Qc6 23. d4 Rae8 24. Bd2 cxd4 25. exd4 Qd5 1/2-1/2

[Event "Remote S7E High-148 email"]
[Site "Remote email"]
[Date "2013.09.12"]
[Round "?"]
[White "Biskopp, Wolfgang"]
[Black "Schilling, Frank"]
[Result "1-0"]
[WhiteElo "2333"]
[BlackElo "2429"]
[PlyCount "133"]
[EventDate "2013.??.??"]
[EventType "tourn (corr)"]
[EventRounds "6"]
[EventCountry "GER"]
[SourceTitle "Corr 2015"]
[Source "ChessBase"]
[SourceDate "2015.07.17"]
[SourceVersion "1"]
[SourceVersionDate "2015.07.17"]
[SourceQuality "1"]

1. d4 Nf6 2. c4 c5 3. d5 e6 4. Nc3 exd5 5. cxd5 d6 6. Nf3 g6 7. Bf4 a6 8. a4 Bg7 9. h3 0-0 10. e3 Re8 11. Nd2 Nbd7 12. Be2 Ne5 13. 0-0 Nfd7 14. Qc2 f5 15. a5 b5 16. axb6 Nxb6 17. Nb3 Nec4 18. Na5 Nxa5 19. Rxa5 Nxd5 20. Nxd5 Qxa5 21. Bxd6 Kh8 22. Rd1 f4 23. e4 Bb7 24. b4 cxb4 25. Bxb4 Qd8 26. Nc7 Qc8 27. f3 Re6 28. Bd6 Rxd6 29. Rxd6 Qf8 30. Rd7 Rc8 31. Qc4 Be5 32. Kh2 Qf6 33. Rf7 Qd6 34. Qe6 h6 35. Bd3 Qxe6 36. Nxe6 Rb8 37. Bc4 g5 38. h4 Bc8 39. Nf8 Bg7 40. hxg5 hxg5 41. e5 Bg4 42. Ng6+ Kh7 43. fxg4 Kxg6 44. e6 Rh8+ 45. Kg1 Rd8 46. Bxa6 Bf8 47. Bb5 Bc5+ 48. Kf1 Rd2 49. Bc4 Bb4 50. Rb7 Rd1+ 51. Ke2 Re1+ 52. Kd3 Re3+ 53. Kd4 Ba3 54. Rf7 Bb2+ 55. Kd5 Ba3 56. Ba2 Re1 57. Kc6 Ra1 58. Bb3 Rc1+ 59. Kd7 Rc3 60. Ba2 Rc1 61. e7 Rd1+ 62. Ke8 Re1 63. Bd5 Re5 64. Bc6 Bxe7 65. Rxe7 Re3 66. Rxe3 fxe3 67. Bf3 1-0